| 000 | 01391nam a2200253Ia 4500 | ||
|---|---|---|---|
| 999 |
_c36483 _d36483 |
||
| 001 | 2401 | ||
| 003 | GE_BSU | ||
| 005 | 20190515201038.0 | ||
| 008 | 181216s2002||||ge |||||||||||||| ||geo|| | ||
| 020 | _a9992879661 | ||
| 040 | _cGE_BSU | ||
| 041 | _ageo | ||
| 080 | _a821.353.1(075.3) ნ–63 | ||
| 100 |
_aნიკოლეიშვილი, ავთანდილ _9296 |
||
| 245 |
_aქართული ლიტერატურა : _bმე-11 კლასი : დამხმ. სახელმძღვ. ზოგადსაგანმ. სკოლებისათვის / _cავთანდილ ნიკოლეიშვილი; რედ. ამირან გომართელი. |
||
| 245 | _bდამხმაერე სახელმძღვანელო ზოგადსაგანმანათლებლო სკოლებისათვის. | ||
| 250 | _a მე-3 გამოცემა. | ||
| 264 |
_aქუთაისი : _bქუთაისის სახ. უნ-ტის გამ-ბა, _c2002. |
||
| 300 |
_a296 გვ.; _b20 სმ. |
||
| 541 | _h10ლ. | ||
| 653 | _a ქართული ლიტერატურის სახელმძღვანელოები | ||
| 700 |
_aგომართელი, ამირან _eრედაქტორი _91205 |
||
| 942 |
_cBK _2udc |
||